000 00299nam a2200109Ia 4500
008 200302s9999 xx 000 0 und d
100 _aJ. M. Rogers
245 _aThe Topkapi Saray Museum Architecture the Harem & Other Buildings
260 _bLittle Brown and Co.
260 _c1988
300 _a216 P.,
999 _c1302
_d1302